000 00326nam a2200109Ia 4500
008 200302s9999 xx 000 0 und d
100 _aMichael Hensel & Others
245 _aEmergent Technologies and Design Towards a Biological Paradigm for Architecture
260 _bPublished by Routledge
260 _c2010
300 _a256 P.,
999 _c3245
_d3245